000 00591nam a22001457a 4500
020 _a978937894990
082 _a823
_bARO/U
100 _aARORA BHAAVNA
245 _aUNDAUNTED
260 _aCHENNAI
_bWESTLAND PUBLICATIONS
_c2019
300 _a232
520 _aIn his brief, inspiring life, Ummer joined the army to set an example and galvanise fellow Kashmiris to move beyond the cycle of violence that unrest in the state had forced them into. Deeply researched and told with feeling, Undaunted is the extraordinary story of an extraordinary life.
650 _aNOVEL
_zINDIA
942 _cBK
999 _c2572
_d2572